International construction procurement (Record no. 106145)

MARC details
000 -LEADER
fixed length control field 00417cam a2200157 4500
001 - CONTROL NUMBER
control field L135677
008 - FIXED-LENGTH DATA ELEMENTS--GENERAL INFORMATION
fixed length control field 061124n2007 000 0 eng u
020 ## - INTERNATIONAL STANDARD BOOK NUMBER
International Standard Book Number 1405146273
-- 9781405146272
035 ## - SYSTEM CONTROL NUMBER
System control number (Sirsi) u135677
100 ## - MAIN ENTRY--PERSONAL NAME
Personal name Jagger, David
245 ## - TITLE STATEMENT
Title International construction procurement
260 ## - PUBLICATION, DISTRIBUTION, ETC.
Place of publication, distribution, etc. Blackwell Publishing
Date of publication, distribution, etc. 2007
350 ## - PRICE (NR) (BK AM CF MU VM SE) [OBSOLETE]
Price 45.00
520 ## - SUMMARY, ETC.
Summary, etc. Due for publication mid 2007
942 ## - ADDED ENTRY ELEMENTS (KOHA)
Suppress in OPAC 0

No items available.